Представление документа в формате RUSMARC

ПолеНазваниеЗначение
  Тип записи c
  Библиографический уровень m
001 Контрольный номер RU/УОНБ/EK_N/454340180
005 Дата корректировки 20251225143810.2
010 Индекс ISBN __
9 Тираж 27000 экз.
013 Номер (ISMN) __
d Цена 44 к.
071 Издательские номер (звукозапись и ноты) 21
a Номер, присвоенный агентством 3178
100 Данные общей обработки __
a Данные общей обработки 20140525d1974 u y0rusy0189||||ca
101 Язык документа 0_
a Язык текста rus
f Язык титульного листа rus
102 Страна публикации __
a Страна публикации RU
105 Кодированные данные (монография) __
a Кодированные данные (монография) y###||||000|y
125 Кодированные данные звукозаписи и нотных изданий __
a Форма изложения нотного текста с|
128 Кодированные данные (звукозаписи-физические характеристики) __
a Кодированные данные: Музыкальная форма и тональность или лад st
c Инструменты или голоса, рекомендуемые для солистов (устаревшее) ka||
200 Заглавие и сведения об ответственности 1_
a Заглавие 28 избранных этюдов
e Сведения, относящиеся к заглавию для фп.
e Сведения, относящиеся к заглавию из соч. 29 и 32
210 Выходные данные 1_
a Место издания Москва
c Издательство Музыка
d Дата издания 1974
215 Физическое описание __
a Объем 36 c.
d Формат 29 см
225 Серия 1_
a Серия Педагогический репертуар детской музыкальной школы
500 Унифицированное заглавие 10
a Унифицированное заглавие Этюды
512 Заглавие обложки 1_
a Заглавие обложки 28 избранных этюдов
606 Тематические рубрики 0_
a Основная рубрика Фортепиано
x Основная подрубрика Этюды
610 Ключевые слова 0_
a Ключевые слова фортепиано
610 Ключевые слова 0_
a Ключевые слова этюды
686 Индексы других классификаций __
a Классификационный индекс 85.954.294(3)
2 Код системы rubbk
700 Автор _1
a Фамилия Бертини
b Имя (инициалы) А.
g Полное личное имя Анри
f Даты 1798-1876
801 Источник записи _0
a Страна RU
b Организация Ульяновская ОНБ
c Дата составления 20140525
g Правила каталогизации RCR
801 Источник записи _1
a Страна RU
b Организация Ульяновская ОНБ
c Дата составления 20140525
g Правила каталогизации RCR
901 Тип документа __
t Тип документа m
909 Создатель записи __
a Создатель записи Сергеева Н. С.
910 Корректоры записи __
a Корректор записи Васина
938 Служебная информация __
a Имя БД noti
b Имя библиотеки УОНБ
c Имя АИБС МАРК-SQL
d Номер DOC_ID в БД 12212